[Event "AUTO-OPEN-4360"]
[Site "http://www.queenalice.com/game.php?id=1786462"]
[Date "2022.4.6"]
[Round "1"]
[White "Poluco"]
[Black "Artking"]
[Result "1/2-1/2"]
[WhiteElo "2105"]
[BlackElo "2080"]

1. c4 Nf6 2. Nc3 c6 3. d4 d6 4. e4 e5 5. dxe5 dxe5 6. Qxd8+ Kxd8 7. Nf3 Bd6 8.
Bg5 Nd7 9. O-O-O Kc7 10. Be2 h6 11. Be3 Nb6 12. Rd2 Be6 13. b3 Bb4 14. Kb2 Bxc3+
15. Kxc3 Nxe4+ 16. Kc2 Nxd2 17. Nxd2 f5 18. f3 Rhd8 19. Rd1 Rd7 20. Nf1 Rad8 21.
Rxd7+ Rxd7 22. Nd2 a5 23. h3 g5 24. Nf1 a4 25. Nd2 axb3+ 26. axb3 Nc8 27. Nf1 f4
28. Bd2 Bf5+ 29. Kc3 Ne7 30. Kb2 c5 31. Bc3 Nc6 32. Nd2 Nd4 33. Bd1 Kc6 34. Kc1
b5 35. cxb5+ Kxb5 36. Nc4 Nc6 37. Be2 Bd3 38. Bxd3 Rxd3 39. Kc2 Rd5 40. Nd2 Nb4+
41. Kd1 Nc6 42. Kc2 Rxd2+ 43. Kxd2 Nd4 44. Kd3 Nxb3 45. Bxe5 c4+ 46. Kc3 Nc5 47.
Bg7 h5 48. Bf6 Ne6 49. Be7 g4 50. hxg4 hxg4 51. fxg4 Nc7 52. Bd6 Ne6 53. Be7 Nc7
54. Bf8 Nd5+ 55. Kd4 c3 56. Ba3 Ne3 57. Kxc3 Nxg2 58. Kd3 f3 59. Be7 Nf4+ 60.
Ke3 Nd5+ 61. Kxf3 Nxe7 62. Ke4 Kc6 63. Ke5 Kd7 64. g5 Ke8 65. g6 Nxg6+ 66. Kf6
1/2-1/2

[Event "AUTO-MASTER-3101"]
[Site "http://www.queenalice.com/game.php?id=1786693"]
[Date "2022.4.11"]
[Round "1"]
[White "tarasch"]
[Black "Poluco"]
[Result "0-1"]
[WhiteElo "2149"]
[BlackElo "2048"]

1. e4 e5 2. Nf3 Nf6 3. Nxe5 d6 4. Nf3 Nxe4 5. Nc3 Nf6 6. d4 d5 7. Bd3 Bd6 8. O-O
O-O 9. Bg5 c6 10. Re1 Bg4 11. h3 Bd7 12. Ne5 Be7 13. Qf3 Be6 14. Ne2 Nbd7 15.
Ng3 h6 16. Bd2 c5 17. Ng6 fxg6 18. Rxe6 Ne4 19. Qd1 Kf7 20. Bxe4 dxe4 21. Qg4
Nf6 22. Rxf6+ Bxf6 23. Nxe4 cxd4 24. Bb4 Be7 25. Bxe7 Qxe7 26. Rd1 Rad8 27. Qf3+
Kg8 28. Qb3+ Kh8 29. f3 Qf7 30. Qa3 a6 31. Rd3 Qf4 32. Qb4 Qc1+ 33. Kf2 Qxc2+
34. Rd2 Qxe4 0-1

[Event "AUTO-MASTER-3101"]
[Site "http://www.queenalice.com/game.php?id=1786694"]
[Date "2022.4.11"]
[Round "1"]
[White "Poluco"]
[Black "tarasch"]
[Result "0-1"]
[WhiteElo "2104"]
[BlackElo "2138"]

1. e4 c5 2. Nf3 d6 3. d4 cxd4 4. Nxd4 Nf6 5. Nc3 a6 6. Be2 e6 7. O-O Be7 8. Bg5
Qc7 9. Nb3 Nc6 10. h3 O-O 11. Kh1 b5 12. f3 Bb7 13. Qc1 Rac8 14. Qe1 h6 15. Bh4
Ne5 16. Rd1 Nc4 17. Bxc4 Qxc4 18. Rd4 Qc7 19. Bg3 Rfd8 20. Qd1 Ne8 21. Rf2 Bf6
22. Rd3 Qb6 23. Rfd2 Bxc3 24. bxc3 d5 25. exd5 Bxd5 26. Bf2 Qc7 27. a3 Nd6 28.
Nc5 Nc4 29. Re2 Nb2 30. Qd2 Nxd3 31. Nxd3 Qxc3 32. Qf4 Qxa3 33. Ne5 f6 34. Ng6
e5 35. Qf5 Bf7 36. Nh4 Qc1+ 37. Kh2 Qf4+ 38. Qxf4 exf4 39. Nf5 Kh7 40. Re7 Kg8
41. Ra7 Ra8 42. Rb7 Rd2 43. Ne7+ Kf8 44. Bc5 Ke8 45. Nf5 Rd7 46. Rxd7 Kxd7 47.
Nxg7 Rc8 48. Bb4 Bg6 49. g4 fxg3+ 50. Kxg3 Rxc2 51. Kg4 Rc4+ 0-1

[Event "AUTO-MASTER-3101"]
[Site "http://www.queenalice.com/game.php?id=1786709"]
[Date "2022.4.11"]
[Round "1"]
[White "fpferreira"]
[Black "Poluco"]
[Result "0-1"]
[WhiteElo "2120"]
[BlackElo "2068"]

1. e4 c6 2. d4 d5 3. e5 Bf5 4. Bd3 Bxd3 5. Qxd3 e6 6. Nf3 Nd7 7. O-O Qc7 8. b3
c5 9. Na3 cxd4 10. Bb2 Nxe5 11. Nxe5 Qxe5 12. Qb5+ Kd8 13. Qxb7 Rc8 14. Qxf7 Nf6
15. Rae1 Rc7 0-1

[Event "AUTO-MASTER-3080"]
[Site "http://www.queenalice.com/game.php?id=1792856"]
[Date "2022.7.21"]
[Round "2"]
[White "dave_j"]
[Black "Poluco"]
[Result "1-0"]
[WhiteElo "2111"]
[BlackElo "2091"]

1. d4 d5 2. c4 e6 3. e3 Nf6 4. Nf3 Be7 5. Bd3 dxc4 6. Bxc4 O-O 7. O-O c5 8. Nc3
Nc6 9. dxc5 Qxd1 10. Rxd1 Bxc5 11. h3 h6 12. a3 a6 13. b4 Be7 14. Bb2 b5 15. Be2
Bb7 16. Nh2 Rfd8 17. Bf3 1-0

[Event "AUTO-MASTER-3080"]
[Site "http://www.queenalice.com/game.php?id=1792857"]
[Date "2022.7.21"]
[Round "2"]
[White "Poluco"]
[Black "dave_j"]
[Result "0-1"]
[WhiteElo "2076"]
[BlackElo "2122"]

1. e4 e5 2. Nf3 d6 3. d4 exd4 4. Qxd4 Nc6 5. Bb5 Bd7 6. Bxc6 Bxc6 7. O-O Qf6 8.
Nc3 Qxd4 9. Nxd4 Ne7 10. Nxc6 Nxc6 11. Be3 a6 12. Rad1 h6 13. a3 O-O-O 14. f3 g5
15. Rd3 Ne5 16. Rdd1 Nc4 0-1

[Event "AUTO-MASTER-3177"]
[Site "http://www.queenalice.com/game.php?id=1816948"]
[Date "2023.7.22"]
[Round "1"]
[White "EcheKiel"]
[Black "Poluco"]
[Result "0-1"]
[WhiteElo "1951"]
[BlackElo "2039"]

1. e3 e5 2. Bc4 Nf6 3. h3 d5 4. Bb3 Bd6 5. Nc3 Be6 6. d4 O-O 7. dxe5 Bxe5 8.
Nge2 c5 9. a3 Nc6 10. Ng3 Bxg3 11. fxg3 Qd6 12. Qf3 d4 13. Nb5 Qe7 14. Bd2 Bxb3
15. cxb3 dxe3 16. Qxe3 Qxe3+ 17. Bxe3 Rae8 18. Kd2 Ne4+ 19. Kc2 b6 20. g4 Ng3
21. Rhe1 Re7 22. Nd6 Ne4 23. Bf4 Nxd6 24. Rxe7 Nxe7 25. Bxd6 Re8 26. Re1 Kf8 27.
g5 f6 28. gxf6 gxf6 29. g4 Kf7 30. b4 cxb4 31. axb4 b5 32. Kd3 Nc6 33. Rc1 Ne5+
34. Bxe5 Rxe5 35. Rc7+ Re7 36. Rc8 Kg6 37. Rc5 Rb7 38. h4 h6 39. h5+ Kg7 40. Kd4
Rd7+ 41. Rd5 Rb7 42. Kc5 Kf7 43. Kc6 Rb6+ 44. Kc5 Ke7 45. b3 Rb7 46. Rd2 Ke8 47.
Rd6 Ke7 48. g5 hxg5 49. h6 Kf7 50. Rd8 Kg6 51. Rd6 g4 52. h7 Rxh7 53. Kxb5 Kg5
54. Rd1 g3 55. Ka6 Kg4 56. Rf1 f5 57. b5 g2 58. Rg1 Kg3 0-1

[Event "AUTO-MASTER-3177"]
[Site "http://www.queenalice.com/game.php?id=1816949"]
[Date "2023.7.22"]
[Round "1"]
[White "Poluco"]
[Black "EcheKiel"]
[Result "1-0"]
[WhiteElo "2022"]
[BlackElo "1905"]

1. e4 e5 2. Nf3 Nc6 3. Bc4 Qf6 4. d3 h6 5. Nc3 Nd4 6. Nxd4 exd4 7. Nd5 Qc6 8.
Bf4 d6 9. Bb5 Kd8 10. Bxc6 bxc6 11. Nb4 Bb7 12. c3 c5 13. Nc2 f5 14. f3 Nf6 15.
cxd4 Be7 16. O-O Nh5 17. Bd2 f4 18. dxc5 dxc5 19. b4 Ba6 20. Be1 g5 21. bxc5
Bxc5+ 22. Bf2 Bb6 23. Bxb6 axb6 24. Nb4 Bb7 25. Qb3 Ke7 26. Nd5+ Kd7 27. Nxb6+
cxb6 28. Qf7+ Kc6 29. Rfc1+ Kb5 30. Qxb7 Nf6 31. Qc6+ Ka6 32. Qxf6 Ka5 33. Rc6
Rab8 34. Rb1 Rh7 35. Qe5+ 1-0

[Event "AUTO-MASTER-3177"]
[Site "http://www.queenalice.com/game.php?id=1816964"]
[Date "2023.7.22"]
[Round "1"]
[White "cerenzo72"]
[Black "Poluco"]
[Result "1/2-1/2"]
[WhiteElo "1986"]
[BlackElo "2057"]

1. c4 e5 2. g3 Nf6 3. Bg2 c6 4. d4 e4 5. Bg5 d5 6. Nc3 Be6 7. Nh3 Be7 8. Nf4 O-O
9. O-O Nbd7 10. cxd5 cxd5 11. e3 h6 12. Bxf6 Nxf6 13. Rc1 Rc8 14. Nxe6 fxe6 15.
f3 exf3 16. Bxf3 Qe8 17. Ne2 Rxc1 18. Qxc1 Qc8 19. Nf4 Kf7 20. Nd3 Kg8 21. Ne5
Bd6 22. Ng6 Re8 23. Qd2 Qb8 24. Bg2 a6 25. Qf2 Kh7 26. Qc2 Kg8 27. Qa4 Kh7
1/2-1/2

[Event "AUTO-MASTER-3177"]
[Site "http://www.queenalice.com/game.php?id=1816965"]
[Date "2023.7.22"]
[Round "1"]
[White "Poluco"]
[Black "cerenzo72"]
[Result "0-1"]
[WhiteElo "2054"]
[BlackElo "2040"]

1. e4 e5 2. Nf3 d6 3. d4 exd4 4. Qxd4 Bd7 5. Bc4 Nc6 6. Qd1 Be7 7. O-O Nf6 8.
Nc3 O-O 9. Bg5 a6 10. a3 Bg4 11. h3 Bh5 12. Re1 Ne5 13. Be2 Ng6 14. Bxf6 Bxf6
15. g4 Nf4 16. gxh5 Nxh3+ 17. Kg2 Nf4+ 18. Kh2 Nxh5 19. Rg1 Qd7 20. e5 Be7 21.
Ng5 Bxg5 22. Rxg5 Nf4 23. Rg4 Nxe2 24. Qxe2 Rae8 25. Rag1 f6 26. Rxg7+ Qxg7 27.
Rxg7+ Kxg7 28. Qg4+ Kh8 29. e6 c6 30. Ne2 Rg8 31. Qf5 Rg6 32. Nf4 Rh6+ 0-1

[Event "AUTO-MASTER-3177"]
[Site "http://www.queenalice.com/game.php?id=1816976"]
[Date "2023.7.22"]
[Round "1"]
[White "Poluco"]
[Black "tariann"]
[Result "0-1"]
[WhiteElo "2015"]
[BlackElo "2311"]

1. e4 e5 2. Nf3 Nc6 3. Nc3 Nf6 4. Bb5 Bc5 5. O-O d6 6. h3 O-O 7. d3 Ne7 8. Bg5
Ng6 9. Bc4 h6 10. Be3 Bxe3 11. fxe3 c6 12. d4 Qb6 13. Bb3 Re8 14. Qe1 Be6 15. d5
Bd7 16. a4 Rac8 17. Rd1 c5 18. Rb1 Qd8 19. Nd2 a6 20. Nf3 b5 21. axb5 axb5 22.
Nd2 c4 23. Ba2 b4 24. Ne2 Bb5 25. Ng3 c3 26. bxc3 Bxf1 27. Qxf1 Rxc3 28. Bb3
Rxe3 29. Qf2 Rc3 30. Nc4 Qc7 31. Qe2 Rxg3 0-1

[Event "AUTO-MASTER-3177"]
[Site "http://www.queenalice.com/game.php?id=1816977"]
[Date "2023.7.22"]
[Round "1"]
[White "tariann"]
[Black "Poluco"]
[Result "1-0"]
[WhiteElo "2269"]
[BlackElo "2033"]

1. e4 e5 2. Nf3 Nc6 3. Bb5 a6 4. Bxc6 dxc6 5. O-O Bd6 6. c3 Nf6 7. d4 Bg4 8. Re1
O-O 9. Nbd2 Nd7 10. Nf1 Qf6 11. Ng3 Bxf3 12. Qxf3 Qxf3 13. gxf3 Rae8 14. Nf5 Nb6
15. Kh1 Kh8 16. Rg1 g6 17. Nh6 Nd7 18. Bg5 Be7 19. Bd2 Bd6 20. Rae1 Be7 21. f4
exd4 22. cxd4 Bf6 23. e5 Bg7 24. f5 Bxh6 25. Bxh6 Rg8 26. f6 Nb6 27. Bg7+ Rxg7
28. fxg7+ Kxg7 29. f4 Rd8 30. f5 Rxd4 31. e6 fxe6 32. fxe6 Rd8 33. Rgf1 Nd5 34.
Rf7+ Kg8 35. Rd7 Re8 36. Kg1 g5 37. Kf2 h6 38. Kg3 a5 39. Kg4 Re7 40. Kf5 Kg7
41. Ke5 Kg6 42. Rf1 Kg7 43. Rxe7+ 1-0

[Event "Challenge"]
[Site "http://www.queenalice.com/game.php?id=1817378"]
[Date "2023.7.27"]
[Round "-"]
[White "jogo"]
[Black "Poluco"]
[Result "0-1"]
[WhiteElo "1882"]
[BlackElo "1992"]

1. e4 e5 2. Nc3 Nf6 3. f4 d6 4. fxe5 dxe5 5. Nf3 Bd6 6. Bb5+ Bd7 7. Bxd7+ Nbxd7
8. O-O O-O 9. Re1 Bc5+ 10. d4 exd4 11. Nxd4 Ne5 12. Be3 Nfg4 13. Nf5 Nxe3 14.
Qxd8 Nxc2+ 15. Kh1 Raxd8 16. Rad1 Nxe1 17. Rxe1 Bb4 18. Rc1 Bxc3 19. bxc3 Rd2
20. Ne7+ Kh8 21. Nf5 Rfd8 22. h3 Rd1+ 23. Rxd1 Rxd1+ 24. Kh2 Rc1 25. Kg3 Rxc3+
26. Kf4 Ng6+ 27. Kg4 Rc2 28. g3 Rxa2 0-1

[Event "Challenge"]
[Site "http://www.queenalice.com/game.php?id=1818312"]
[Date "2023.8.9"]
[Round "-"]
[White "jogo"]
[Black "Poluco"]
[Result "0-1"]
[WhiteElo "1870"]
[BlackElo "2004"]

1. e4 e5 2. Nc3 Nf6 3. f4 d6 4. Nf3 Nbd7 5. f5 Be7 6. Bc4 O-O 7. d4 Re8 8. Ng5
Rf8 9. dxe5 dxe5 10. O-O b6 11. a3 Bb7 12. Qe1 a5 13. Qh4 Ba6 14. Bxa6 Rxa6 15.
Nd5 Bc5+ 0-1

[Event "Challenge"]
[Site "http://www.queenalice.com/game.php?id=1823585"]
[Date "2023.10.22"]
[Round "-"]
[White "Poluco"]
[Black "jogo"]
[Result "1-0"]
[WhiteElo "2051"]
[BlackElo "1811"]

1. e4 e5 2. Nf3 Nf6 3. Nxe5 d6 4. Nf3 Nxe4 5. d4 d5 6. Bd3 Nc6 7. O-O Bg4 8. h3
Be6 9. Re1 f5 10. Nbd2 h6 11. c4 Nxd2 12. Nxd2 Nxd4 13. Bxf5 Nxf5 14. Rxe6+ Kf7
15. Re5 Ne7 16. Qf3+ Kg8 17. cxd5 Qd6 18. Nc4 Qf6 19. Qe4 b5 20. Ne3 Qd6 21. b3
Rd8 22. Bd2 c5 23. Bc3 b4 24. Bb2 1-0